Μαίριλυν : μία βιογραφία με φωτογραφίες των μεγαλυτέρων φωτογράφων του κόσμου
Αποθηκεύτηκε σε:
| Κύριος συγγραφέας: | |
|---|---|
| Άλλοι συγγραφείς: | |
| Μορφή: | Βιβλίο |
| Γλώσσα: | Greek English |
| Δημοσίευση: |
Αθήνα :
Χατζηνικολή,
1973.
|
| Θέματα: | |
| Ετικέτες: |
Προσθήκη ετικέτας
Δεν υπάρχουν, Καταχωρήστε ετικέτα πρώτοι!
|
MARC
| LEADER | 00000cam a2200000 i 4500 | ||
|---|---|---|---|
| 001 | 1/94354 | ||
| 008 | 940823s1973 gr | ||| |||| ||gre|| | ||
| 035 | |l 10009193 | ||
| 040 | |a GR-MyUA |b gre |e AACR2 | ||
| 041 | 1 | |a gre |h eng | |
| 082 | 0 | |a 791.430280924 | |
| 100 | 1 | |a Mailer, Norman. | |
| 245 | 1 | 0 | |a Μαίριλυν : |b μία βιογραφία με φωτογραφίες των μεγαλυτέρων φωτογράφων του κόσμου / |c Νόρμαν Μαίλερ ; μετάφραση, Ιωάννα Χατζηνικολή. |
| 260 | |a Αθήνα : |b Χατζηνικολή, |c 1973. | ||
| 300 | |a 206 σ. : |b εικ. ; |c 28 εκ. | ||
| 500 | |a Τίτλος πρωτοτύπου: Marilyn. | ||
| 600 | 1 | 0 | |a Monroe Marilyn |d 1926-1962. |
| 650 | 0 | 0 | |a Motion picture actors and actresses |z United States |x Biography. |
| 700 | 1 | |a Χατζηνικολή, Ιωάννα Δ. |e trlf | |
| 852 | |a INST |b LESVOS |e 19940823 |h 791.430280924 MAI |p 005100006267 |q 005100006267 |t BK |y 0 | ||
| 909 | |a Λ |b 035135 | ||